[Event "Olimpiade 2014 - Open"]
[Site "Tromsø"]
[Date "11.08.2014"]
[Round "9.51"]
[Board "1"]
[White "Valdes Romero, Leonardo"]
[Black "Boydia, Sidi"]
[Result "1-0"]
[WhiteTitle "IM"]
[BlackTitle "FM"]
[WhiteElo "2406"]
[BlackElo "2068"]
[WhiteTeam "Costa Rica"]
[BlackTeam "Mauritania"]
[WhiteFideId "6500331"]
[BlackFideId "19600100"]
[EventDate "2014.08.02"]

1. Nf3 Nf6 2. g3 d5 3. Bg2 Nbd7 4. c4 c6 5. cxd5 cxd5 6. d4 e6 7. O-O Bd6 8. Nc3
O-O 9. Bf4 Bb8 10. Rc1 a6 11. Qa4 b5 12. Qb3 Qb6 13. a4 b4 14. Nb1 Bb7 15. Nbd2
Bxf4 16. gxf4 Rac8 17. e3 Ne4 18. Rfd1 a5 19. Bf1 Ndf6 20. h3 Bc6 21. Qa2 Rc7
22. Nb3 Rfc8 23. Bd3 Be8 24. Rxc7 Rxc7 25. Qa1 Nd6 26. Ne5 Nfe4 27. f3 Ng3 28.
Kf2 Ngf5 29. Bxf5 Nxf5 30. Nc5 f6 31. Ned3 e5 32. b3 Re7 33. Re1 Bh5 34. fxe5
fxe5 35. Nxe5 Rxe5 36. dxe5 Qxc5 37. Qc1 Qf8 38. f4 Qd8 39. Kg1 g6 40. Qc6 Bf3
41. Rc1 Be4 42. Qc8 Qxc8 43. Rxc8+ Kf7 44. Kf2 Ne7 45. Rc5 Ke6 46. Rxa5 Nc6 47.
Rc5 Ne7 48. a5 d4 49. exd4 Bd5 50. a6 Nc6 51. Ke3 h6 52. h4 h5 53. Rc1 Kd7 54.
Rg1 Ne7 55. a7 Kc7 56. Ra1 Ba8 57. Kd3 Nd5 58. Kc4 Kb6 59. e6 Kc7 60. Kc5 Nxf4
61. d5 Nd3+ 62. Kd4 Nf4 63. Rf1 Nxd5 64. Rf8 Bc6 65. a8=Q Bxa8 66. Rxa8 Ne7 67.
Ke5 1-0

[Event "Olimpiade 2014 - Open"]
[Site "Tromsø"]
[Date "11.08.2014"]
[Round "9.51"]
[Board "2"]
[White "Hemam, Moulaye Brahim"]
[Black "Minero Pineda, Sergio"]
[Result "1/2-1/2"]
[WhiteTitle "CM"]
[BlackTitle "IM"]
[WhiteElo "2070"]
[BlackElo "2384"]
[WhiteTeam "Mauritania"]
[BlackTeam "Costa Rica"]
[WhiteFideId "19600054"]
[BlackFideId "6500374"]
[EventDate "2014.08.02"]

1. d4 Nf6 2. Nf3 g6 3. g3 Bg7 4. Bg2 O-O 5. O-O d6 6. c4 c6 7. Nc3 Qa5 8. Bg5 h6
9. Bxf6 Bxf6 10. Qd2 Bg7 11. e4 Nd7 12. a3 Qa6 13. Rfc1 e5 14. dxe5 dxe5 15. b4
Qb6 16. c5 Qc7 17. Rd1 Re8 18. Rac1 Nf8 19. Qd6 Ne6 20. Bh3 Qxd6 21. cxd6 Bd7
22. b5 cxb5 23. Nd5 Red8 24. Bxe6 fxe6 25. Ne7+ Kf7 26. Rc7 Rab8 27. Nh4 g5 28.
Nhg6 Bf6 29. Rd3 g4 30. f3 gxf3 31. Rxf3 Kg7 32. g4 a5 33. h4 b4 34. g5 hxg5 35.
hxg5 Bxe7 36. dxe7 Re8 37. Nxe5 Bc6 38. axb4 axb4 39. Rb3 Rbc8 40. Rxc8 Rxc8 41.
Rxb4 Re8 42. Nxc6 bxc6 43. Rb7 Kg6 44. Kf2 Kxg5 45. Ke3 Kf6 46. Rc7 Ke5 47. Rxc6
Rxe7 48. Rc5+ Kd6 49. Ra5 Rb7 50. Ra6+ Ke5 51. Ra5+ 1/2-1/2

[Event "Olimpiade 2014 - Open"]
[Site "Tromsø"]
[Date "11.08.2014"]
[Round "9.51"]
[Board "3"]
[White "Murillo Tsijli, Alexis"]
[Black "Taleb Mohamed, Ahmed"]
[Result "1-0"]
[WhiteTitle "IM"]
[BlackTitle "CM"]
[WhiteElo "2303"]
[BlackElo "2024"]
[WhiteTeam "Costa Rica"]
[BlackTeam "Mauritania"]
[WhiteFideId "6500218"]
[BlackFideId "19600038"]
[EventDate "2014.08.02"]

1. e4 e5 2. d4 exd4 3. c3 dxc3 4. Bc4 Nf6 5. Nxc3 d5 6. exd5 Bd6 7. Bg5 O-O 8.
Qd4 Be5 9. Qh4 Re8 10. Nge2 Qd6 11. O-O Bf5 12. Nb5 Qe7 13. Ned4 Bg6 14. Rae1
Qc5 15. Nb3 Qb4 16. Bd2 Qf8 17. f4 Bd6 18. Rxe8 Qxe8 19. Nxd6 cxd6 20. f5 Bh5
21. Bg5 Nbd7 22. Bb5 Qe4 23. Qxe4 Nxe4 24. Bf4 Nb6 25. h3 f6 26. Re1 Nc5 27.
Nxc5 dxc5 28. d6 a6 29. Bf1 Nd7 30. Re7 Be8 31. Bc4+ Kf8 32. g4 h6 33. Bd5 Rb8
34. h4 b5 35. Kf2 Rb6 36. Bf7 Bxf7 37. Rxd7 Rb8 38. Be3 c4 39. Bc5 Be8 40. Rb7
Rd8 41. d7+ Kg8 42. dxe8=Q+ Rxe8 43. Ra7 Rc8 44. Bb4 Rc6 45. Ra8+ Kh7 46. Ke3 c3
47. bxc3 Rc4 48. Kf3 h5 49. g5 Rxh4 50. gxf6 gxf6 51. Rxa6 Kg7 52. Be7 Rc4 53.
Bxf6+ Kf7 54. Be5 b4 55. Ra7+ 1-0

[Event "Olimpiade 2014 - Open"]
[Site "Tromsø"]
[Date "11.08.2014"]
[Round "9.51"]
[Board "4"]
[White "Cheiguer, Mohamed Abdellahi"]
[Black "Duran Vega, Sergio"]
[Result "0-1"]
[BlackTitle "FM"]
[WhiteElo "1802"]
[BlackElo "2224"]
[WhiteTeam "Mauritania"]
[BlackTeam "Costa Rica"]
[WhiteFideId "19601034"]
[BlackFideId "6501311"]
[EventDate "2014.08.02"]

1. e4 c5 2. Nf3 Nc6 3. d4 cxd4 4. Nxd4 g6 5. Nc3 Bg7 6. Be3 Nf6 7. f3 O-O 8. Qd2
d5 9. Nxc6 bxc6 10. exd5 cxd5 11. Bh6 Bxh6 12. Qxh6 Rb8 13. b3 d4 14. Ne4 Nxe4
15. fxe4 Qa5+ 16. Qd2 Qe5 17. Bd3 f5 18. O-O fxe4 19. Rxf8+ Kxf8 20. Rf1+ Ke8
21. Qe2 Bf5 22. g4 Bxg4 23. Qxe4 Qxe4 24. Bxe4 Rb6 25. Rf4 h5 26. Kf2 e5 27.
Rxg4 hxg4 28. Kg3 Rf6 29. Bd3 Kf7 30. Kxg4 Rf2 31. h3 Kf6 32. a4 g5 33. a5 e4 0-1

[Event "Olimpiade 2014 - Open"]
[Site "Tromsø"]
[Date "11.08.2014"]
[Round "9.52"]
[Board "1"]
[White "Kelires, Andreas"]
[Black "Villegas, Pierre"]
[Result "1-0"]
[BlackTitle "FM"]
[WhiteElo "2216"]
[BlackElo "2323"]
[WhiteTeam "Cyprus"]
[BlackTeam "Monaco"]
[WhiteFideId "5900727"]
[BlackFideId "654183"]
[EventDate "2014.08.02"]

1. d4 Nf6 2. c4 g6 3. Nc3 d5 4. Nf3 Bg7 5. e3 O-O 6. Qb3 e6 7. Bd2 b6 8. Be2 Bb7
9. O-O Ne4 10. Rfd1 c5 11. cxd5 exd5 12. dxc5 Nxc5 13. Qa3 Ne6 14. Be1 Qf6 15.
Nxd5 Qxb2 16. Qxb2 Bxb2 17. Rab1 Bg7 18. Bb4 Rd8 19. Ne7+ Kh8 20. Ng5 1-0

[Event "Olimpiade 2014 - Open"]
[Site "Tromsø"]
[Date "11.08.2014"]
[Round "9.52"]
[Board "2"]
[White "Van Hoolandt, Patrick"]
[Black "Constantinou, Pavlos"]
[Result "1-0"]
[WhiteTitle "FM"]
[WhiteElo "2236"]
[BlackElo "2106"]
[WhiteTeam "Monaco"]
[BlackTeam "Cyprus"]
[WhiteFideId "200999"]
[BlackFideId "5900328"]
[EventDate "2014.08.02"]

1. d4 Nf6 2. c4 e6 3. Nc3 Bb4 4. Nf3 b6 5. Bg5 Bb7 6. e3 O-O 7. Bd3 d6 8. O-O
Bxc3 9. bxc3 Nbd7 10. Nd2 Qc8 11. f4 c5 12. e4 h6 13. Bh4 cxd4 14. cxd4 e5 15.
fxe5 dxe5 16. d5 Qc5+ 17. Kh1 Qd6 18. Rc1 Nh7 19. Rc3 Rac8 20. Be2 Rc7 21. Rcf3
f6 22. Bf2 Ng5 23. Rg3 Nc5 24. Qb1 Bc8 25. Be3 Kh8 26. h4 Nf7 27. Qd1 Qe7 28.
Bg4 Nd6 29. Bxc8 Rfxc8 30. Qg4 Nd7 31. Kh2 Nxc4 32. Nxc4 Rxc4 33. Rf5 Qf7 34.
Rh5 Nf8 35. Rf3 Kh7 36. Rxe5 Qc7 37. d6 Qxd6 38. Rg3 Qd7 39. Qxd7 Nxd7 40. Re7
Ne5 41. Rgxg7+ Kh8 42. Bxh6 1-0

[Event "Olimpiade 2014 - Open"]
[Site "Tromsø"]
[Date "11.08.2014"]
[Round "9.52"]
[Board "3"]
[White "Aristotelous, Vassilis"]
[Black "Nelis, Jean-Francois"]
[Result "1-0"]
[WhiteElo "1946"]
[BlackElo "2224"]
[WhiteTeam "Cyprus"]
[BlackTeam "Monaco"]
[WhiteFideId "5900468"]
[BlackFideId "623830"]
[EventDate "2014.08.02"]

1. e4 e6 2. d4 d5 3. Nc3 Bb4 4. exd5 exd5 5. Bd3 Nc6 6. a3 Bxc3+ 7. bxc3 Be6 8.
Rb1 Rb8 9. Qf3 Nge7 10. Ne2 Qd7 11. h3 Bf5 12. O-O O-O 13. Ng3 Bg6 14. Re1 Rfe8
15. Bg5 f6 16. Bf4 b6 17. Qg4 Qxg4 18. hxg4 Bxd3 19. cxd3 Rbc8 20. Nf5 Kf7 21.
f3 g6 22. Ne3 Rh8 23. Rb5 Rhd8 24. Kf2 Rd7 25. g5 a6 26. Rb2 fxg5 27. Bxg5 Ng8
28. Ng4 Re8 29. Rbe2 Rxe2+ 30. Rxe2 Rd6 31. Bf4 Rd7 32. Ne5+ Nxe5 33. dxe5 Ke6
34. d4 Ne7 35. g4 Nc6 36. Re1 b5 37. Bc1 Rf7 38. Rh1 Ne7 39. f4 a5 40. Rh6 Kd7
41. f5 Nxf5 42. gxf5 Rxf5+ 43. Ke2 Rf7 44. Rh3 c5 45. Re3 Ke6 46. Rf3 Rc7 47.
Rf6+ Ke7 48. Bg5 Ke8 49. Rd6 b4 50. e6 1-0

[Event "Olimpiade 2014 - Open"]
[Site "Tromsø"]
[Date "11.08.2014"]
[Round "9.52"]
[Board "4"]
[White "Ribbegren, Karl Johan"]
[Black "Antoniou, Antonis"]
[Result "0-1"]
[BlackTitle "FM"]
[WhiteElo "2211"]
[BlackElo "2188"]
[WhiteTeam "Monaco"]
[BlackTeam "Cyprus"]
[WhiteFideId "5400040"]
[BlackFideId "5900123"]
[EventDate "2014.08.02"]

1. d4 d5 2. e3 Nf6 3. Bd3 c5 4. c3 Nc6 5. f4 Qb6 6. Nf3 g6 7. O-O Bf5 8. Ne5 Bg7
9. Be2 h5 10. Nd2 cxd4 11. cxd4 O-O 12. Ndf3 Rac8 13. b3 Ne4 14. Nxc6 Rxc6 15.
Bd3 Nc3 16. Qd2 Bxd3 17. Qxd3 Qa6 18. Qxa6 Rxa6 19. Rf2 Rc8 20. a4 Rac6 21. Ba3
Ne4 22. Rff1 e6 23. Rfc1 Rc3 24. Bb2 Rc2 25. Ne1 R2c6 26. Nf3 Bf8 27. Ne5 Rc2
28. Nd3 Bd6 29. Ne1 R2c6 30. Nd3 Nd2 31. Rxc6 Rxc6 32. b4 Nc4 33. Bc1 Nb6 34.
Nc5 Nc8 35. b5 Rc7 36. Bd2 b6 37. Nb3 Kf8 38. Kf1 Ke8 39. Ke2 Kd7 40. Nc1 Rc4
41. Nd3 f6 42. g3 Kc7 43. h3 Be7 44. Ra2 Kb7 45. g4 Nd6 46. f5 gxf5 47. gxh5 Ne4
48. Be1 Bd6 49. Kf3 Rc7 50. Bb4 Rh7 51. Bxd6 Nxd6 52. Nf4 e5 53. Nxd5 exd4 54.
exd4 Rxh5 55. Nf4 Rh7 56. Rh2 a6 57. bxa6+ Kxa6 58. Rc2 Ka5 59. Rc6 Ne4 60. d5
Ng5+ 61. Kg2 Rh4 62. Kg3 Rh7 63. Kg2 Rh4 64. Ne6 Rxa4 65. Kg3 Ra3+ 66. Kf4 Rf3# 0-1

[Event "Olimpiade 2014 - Open"]
[Site "Tromsø"]
[Date "11.08.2014"]
[Round "9.53"]
[Board "1"]
[White "Salem, A.R. Saleh"]
[Black "Mucongoma, Miguel Jose Maconi"]
[Result "1-0"]
[WhiteTitle "GM"]
[BlackTitle "FM"]
[WhiteElo "2591"]
[BlackElo "2194"]
[WhiteTeam "United Arab Emirates"]
[BlackTeam "Mozambique"]
[WhiteFideId "9301348"]
[BlackFideId "14800080"]
[EventDate "2014.08.02"]

1. d4 Nf6 2. c4 e6 3. Nf3 b6 4. a3 Bb7 5. Nc3 d5 6. Qc2 Nbd7 7. cxd5 exd5 8. Bf4
c6 9. e3 Be7 10. Bd3 O-O 11. g4 c5 12. Rd1 c4 13. Be2 a6 14. Ne5 b5 15. Bf3 Nb6
16. Rg1 b4 17. g5 Ne4 18. Nxe4 dxe4 19. Bxe4 Bxe4 20. Qxe4 Qd5 21. Qxd5 Nxd5 22.
axb4 Bxb4+ 23. Kf1 Nxf4 24. exf4 Rac8 25. Rg3 Rc7 26. d5 Rd8 27. Ke2 Bd6 28. Re3
Rb8 29. Rd2 Kf8 30. Nc6 Rb5 31. Re4 Rcb7 32. Rxc4 Rxb2 33. Rxb2 Rxb2+ 34. Ke3 g6
35. Ne5 Rb5 36. Rc8+ Ke7 37. Kd4 Rb4+ 38. Nc4 Bxf4 39. h4 h6 40. d6+ Kd7 41.
Rc7+ Kd8 42. Rxf7 hxg5 43. Kd5 Rxc4 44. Kxc4 Bxd6 45. hxg5 Be7 46. Rg7 Bxg5 47.
Rxg6 Bh4 48. f4 a5 49. f5 Kd7 50. Kd5 Be1 51. Rg7+ Ke8 52. Ke6 Kf8 53. Ra7 Bb4
54. f6 Kg8 55. Kf5 Bc3 56. Kg6 1-0

[Event "Olimpiade 2014 - Open"]
[Site "Tromsø"]
[Date "11.08.2014"]
[Round "9.53"]
[Board "2"]
[White "Calicoca, Wilton Inacio"]
[Black "Omar, Noaman"]
[Result "1/2-1/2"]
[BlackTitle "IM"]
[WhiteElo "2218"]
[BlackElo "2350"]
[WhiteTeam "Mozambique"]
[BlackTeam "United Arab Emirates"]
[WhiteFideId "14800268"]
[BlackFideId "9300244"]
[EventDate "2014.08.02"]

1. e4 e5 2. Nf3 Nc6 3. Bb5 Nf6 4. O-O Nxe4 5. Re1 Nd6 6. Bxc6 dxc6 7. Nxe5 Be7
8. Qe2 Be6 9. d3 Nf5 10. c3 O-O 11. Nd2 Re8 12. Nf1 Bd6 13. Nf3 Bd7 14. Qd1 Rxe1
15. Qxe1 Nh4 16. Qe4 Nxf3+ 17. Qxf3 Qh4 18. Bd2 Re8 19. Re1 Rxe1 20. Bxe1 Qa4
21. c4 Qxa2 22. Bc3 h6 23. g4 Qb1 24. Kg2 c5 25. Nd2 Qc2 26. Ne4 Bc6 27. h4 a5
28. g5 hxg5 29. hxg5 Qc1 30. Qf5 Qf4 31. Qxf4 Bxf4 32. Bxa5 Bxg5 33. f3 Bd8 34.
Bc3 b6 35. d4 cxd4 36. Bxd4 Bxe4 37. fxe4 Be7 38. Kf3 f6 39. Bc3 Kf7 40. b4 c6
41. b5 cxb5 42. cxb5 Ke6 43. Bd4 Bc5 44. Bc3 g6 45. Bb2 f5 46. Bc1 Bd4 47. Bf4
Kf6 48. Bc7 g5 49. Bd8+ Ke5 50. exf5 Kxf5 51. Kg3 g4 52. Kg2 Bc5 53. Kg3 Bd4 54.
Kg2 Kf4 55. Bc7+ Ke4 56. Bd8 Kf4 57. Bc7+ Kf5 58. Bd8 Ke6 59. Kg3 Kf5 60. Kg2
Bc5 1/2-1/2

[Event "Olimpiade 2014 - Open"]
[Site "Tromsø"]
[Date "11.08.2014"]
[Round "9.53"]
[Board "3"]
[White "AlHuwar, Jasem"]
[Black "Maia, Mariano Tesoura De"]
[Result "1-0"]
[WhiteTitle "FM"]
[WhiteElo "2277"]
[BlackElo "2141"]
[WhiteTeam "United Arab Emirates"]
[BlackTeam "Mozambique"]
[WhiteFideId "9300465"]
[BlackFideId "14800136"]
[EventDate "2014.08.02"]

1. Nf3 Nf6 2. g3 b6 3. Bg2 Bb7 4. O-O e6 5. d3 d5 6. Nbd2 Be7 7. e4 dxe4 8. Ng5
O-O 9. Ngxe4 Qc8 10. Qe2 Nbd7 11. Re1 c5 12. a4 Re8 13. Nc4 Nxe4 14. dxe4 Qc6
15. a5 Rad8 16. a6 Ba8 17. Na3 Bd6 18. f4 Bb8 19. Bd2 Nf8 20. Bc3 Rd7 21. h4 Bc7
22. Kh2 Rb8 23. Nb5 Bd8 24. e5 Qxg2+ 25. Qxg2 Bxg2 26. Kxg2 Be7 27. Red1 Rbd8
28. Rxd7 Rxd7 29. Kf3 h5 30. Ke2 f6 31. Rd1 Kf7 32. Rxd7 Nxd7 33. Nxa7 Nb8 34.
Nc8 Nxa6 35. Nxb6 Kg6 36. Kf3 Nc7 37. Ke4 Nb5 38. Be1 fxe5 39. fxe5 Nd4 40. c3
Nc6 41. Bf2 Na5 42. Nc8 Bf8 43. Nd6 Nb3 44. Kd3 Be7 45. Be3 1-0

[Event "Olimpiade 2014 - Open"]
[Site "Tromsø"]
[Date "11.08.2014"]
[Round "9.53"]
[Board "4"]
[White "Abrantes, Persson"]
[Black "Khouri, Ibrahim Mohamed"]
[Result "0-1"]
[WhiteTitle "CM"]
[BlackTitle "FM"]
[WhiteElo "1986"]
[BlackElo "2225"]
[WhiteTeam "Mozambique"]
[BlackTeam "United Arab Emirates"]
[WhiteFideId "14800063"]
[BlackFideId "9301526"]
[EventDate "2014.08.02"]

1. e4 c5 2. Nc3 e6 3. g3 Nc6 4. Bg2 g6 5. d3 Bg7 6. Be3 Nd4 7. Qd2 d6 8. Nd1 Qc7
9. c3 Nc6 10. Ne2 b6 11. O-O Nge7 12. d4 O-O 13. Bh6 Bxh6 14. Qxh6 Ba6 15. Re1
Bxe2 16. Rxe2 cxd4 17. cxd4 Nxd4 18. Rd2 e5 19. Nc3 f6 20. f4 Nec6 21. Rc1 Qg7
22. Qh3 Rad8 23. Nd5 Rf7 24. Kh1 Kh8 25. Bf1 f5 26. exf5 gxf5 27. Rf2 Ne7 28.
Ne3 e4 29. Rc7 Ng6 30. Rc1 Qf6 31. Bc4 Rff8 32. Bd5 Rc8 33. Rff1 Ne7 34. Bb7
Rxc1 35. Rxc1 Nf3 36. Rc7 Rf7 37. Qg2 Ng8 38. Rxf7 Qxf7 39. Bd5 Qc7 40. Qe2 Qc1+
41. Kg2 Ne7 42. Bb3 Qc5 43. Nd1 Qg1+ 44. Kh3 Ng6 45. Ne3 Qh1 0-1

[Event "Olimpiade 2014 - Open"]
[Site "Tromsø"]
[Date "11.08.2014"]
[Round "9.54"]
[Board "1"]
[White "Basil, Alshouha"]
[Black "Gaealafshwe, Barileng"]
[Result "0-1"]
[BlackTitle "CM"]
[WhiteElo "2135"]
[BlackElo "2222"]
[WhiteTeam "Jordan"]
[BlackTeam "Botswana"]
[WhiteFideId "8101914"]
[BlackFideId "11300310"]
[EventDate "2014.08.02"]

1. c4 e6 2. Nf3 d5 3. b3 Nf6 4. Bb2 Be7 5. e3 O-O 6. Be2 c5 7. O-O Nc6 8. d3 b6
9. Nbd2 Bb7 10. a3 Rc8 11. Qc2 Qd7 12. Rfe1 Rfd8 13. Rad1 a6 14. Bf1 Qc7 15. g3
Qb8 16. Bg2 Qa8 17. Ne5 Nxe5 18. Bxe5 dxc4 19. Bxb7 cxd3 20. Bxa8 dxc2 21. Bb7
cxd1=Q 22. Rxd1 Nd7 23. Bf4 Rb8 24. Bxb8 Nxb8 25. Bf3 Kf8 26. Kf1 Rd3 27. Ke2
Rc3 28. Rb1 f5 29. e4 Nc6 30. Bg2 Nd4+ 31. Kd1 b5 32. exf5 exf5 33. Bb7 a5 34.
a4 c4 35. bxc4 bxc4 36. Bd5 Bb4 37. Bxc4 Rc2 38. Rxb4 axb4 39. a5 b3 40. Bd3 Ra2
41. a6 b2 42. Nb1 g6 43. h4 Nc6 44. Bc4 Ra5 45. Kc2 Nb4+ 46. Kxb2 Nxa6 47. Bxa6
Rxa6 48. Nc3 Kf7 49. Kc2 Ke6 50. Kd2 Ke5 51. Ke2 Ra3 52. f4+ Ke6 53. Kd3 Ra1 54.
Ke3 Rg1 55. Ne2 Rg2 56. Kf3 Rh2 57. Nc1 Rc2 58. Ne2 Kd5 59. Ng1 Rc3+ 60. Kg2 Ke4
61. Nh3 Rc2+ 62. Kf1 h6 63. h5 gxh5 0-1

[Event "Olimpiade 2014 - Open"]
[Site "Tromsø"]
[Date "11.08.2014"]
[Round "9.54"]
[Board "2"]
[White "Njobvu, Ignatius"]
[Black "Samhouri, Bilal"]
[Result "1/2-1/2"]
[WhiteTitle "FM"]
[BlackTitle "FM"]
[WhiteElo "2193"]
[BlackElo "2256"]
[WhiteTeam "Botswana"]
[BlackTeam "Jordan"]
[WhiteFideId "11300132"]
[BlackFideId "8100942"]
[EventDate "2014.08.02"]

1. Nf3 Nf6 2. c4 e6 3. d4 d5 4. g3 Be7 5. Bg2 O-O 6. O-O Nbd7 7. Qc2 c6 8. Nbd2
b6 9. Rd1 Ba6 10. e4 Nxe4 11. Nxe4 dxe4 12. Ne5 Nxe5 13. dxe5 Qc7 14. Qxe4 Rad8
15. Bf4 c5 16. b3 Rd7 17. Rxd7 Qxd7 18. Bf3 Rd8 19. Rd1 Qc7 20. Rxd8+ Qxd8 21.
h4 h6 22. Be3 Qc8 23. a4 Kh8 24. Kh2 Kg8 25. Kg1 Kh8 26. Kh2 Kg8 27. Kg1 Kh8 1/2-1/2

[Event "Olimpiade 2014 - Open"]
[Site "Tromsø"]
[Date "11.08.2014"]
[Round "9.54"]
[Board "3"]
[White "Mansour, Sameer"]
[Black "Khetho, Phemelo"]
[Result "0-1"]
[WhiteTitle "FM"]
[BlackTitle "FM"]
[WhiteElo "2249"]
[BlackElo "2195"]
[WhiteTeam "Jordan"]
[BlackTeam "Botswana"]
[WhiteFideId "8100144"]
[BlackFideId "11300280"]
[EventDate "2014.08.02"]

1. d4 Nf6 2. c4 g6 3. Nc3 Bg7 4. e4 d6 5. Be2 Nbd7 6. f4 e5 7. fxe5 dxe5 8. d5
Nc5 9. Bf3 O-O 10. b4 Ncd7 11. Be3 a5 12. a3 axb4 13. axb4 Rxa1 14. Qxa1 Nxe4
15. Bxe4 f5 16. Nf3 fxe4 17. Nxe4 Nf6 18. Bg5 Bf5 19. Nfd2 Qa8 20. Nxf6+ Bxf6
21. Qxa8 Rxa8 22. Bxf6 Ra1+ 23. Ke2 Rxh1 24. Bxe5 c6 25. dxc6 bxc6 26. b5 cxb5
27. cxb5 Bd7 28. b6 Bc6 29. g4 Rg1 30. Bg3 Ra1 31. Ke3 Ra4 32. g5 Kf7 33. Kd3
Rb4 34. Bc7 Ke6 35. Kc3 Rg4 36. Nb3 Rxg5 37. Kd4 Kd7 38. Nc5+ Kc8 39. Ne6 Rf5
40. Ke3 Rf3+ 41. Kd4 Rf5 42. Ke3 Bg2 43. Nd4 Rf1 44. Nb5 Kd7 45. Nd6 g5 46. Nc4
h5 47. Ne5+ Ke6 48. Nd3 Kf5 49. Kd4 h4 50. Kc5 Rb1 51. Nb4 Bb7 52. Nd3 Rd1 53.
Nb2 Rc1+ 54. Kd6 Rc2 55. Na4 Rxh2 56. Nc5 Rd2+ 57. Ke7 Bc6 58. b7 Re2+ 59. Kf7
Bd5+ 60. Kg7 Bxb7 0-1

[Event "Olimpiade 2014 - Open"]
[Site "Tromsø"]
[Date "11.08.2014"]
[Round "9.54"]
[Board "4"]
[White "Olebile, Thato"]
[Black "Mohannad, Farhan"]
[Result "0-1"]
[WhiteTitle "CM"]
[BlackTitle "FM"]
[WhiteElo "2144"]
[BlackElo "2321"]
[WhiteTeam "Botswana"]
[BlackTeam "Jordan"]
[WhiteFideId "11300760"]
[BlackFideId "8100918"]
[EventDate "2014.08.02"]

1. d4 Nf6 2. c4 d6 3. Nc3 Nbd7 4. Nf3 e5 5. e4 Be7 6. Be2 O-O 7. O-O c6 8. Qc2
Re8 9. Rd1 Qc7 10. b4 a5 11. b5 exd4 12. Nxd4 Nc5 13. Bf4 Bf8 14. Bf3 Bg4 15.
Rd2 Bxf3 16. gxf3 Nfd7 17. Bg3 Ne5 18. Nce2 g6 19. f4 Ned7 20. Nc3 Nf6 21. Re1
Nh5 22. f5 Bg7 23. fxg6 fxg6 24. bxc6 bxc6 25. Na4 Nxg3 26. hxg3 Nd7 27. Kg2
Rab8 28. Ree2 Ne5 29. c5 d5 30. exd5 cxd5 31. Nb6 Qf7 32. Rd1 h5 33. Rde1 h4 34.
Qb3 Nc4 35. Ne6 Bh6 36. Nd4 Rf8 37. Nc2 a4 38. Qd3 Nxb6 39. cxb6 Rxb6 40. Rd1
hxg3 41. fxg3 Rb2 42. Nd4 Rxe2+ 43. Qxe2 Bg7 44. Rd3 Rb8 45. a3 Re8 46. Qd1 Qd7
47. Qf3 Re4 48. Ne2 Qc6 49. Nf4 d4 50. Kh2 Qc2+ 51. Kh3 Qc8+ 52. Kg2 Qe8 53. Kf2
g5 54. Nh5 g4 55. Nf6+ Bxf6 56. Qxf6 Re2+ 57. Kf1 Re1+ 58. Kg2 Qe4+ 59. Kh2 0-1

[Event "Olimpiade 2014 - Open"]
[Site "Tromsø"]
[Date "11.08.2014"]
[Round "9.55"]
[Board "1"]
[White "Wang, Puchen"]
[Black "Kassis, Antoine LIB"]
[Result "1-0"]
[WhiteTitle "IM"]
[BlackTitle "FM"]
[WhiteElo "2449"]
[BlackElo "2157"]
[WhiteTeam "New Zealand"]
[BlackTeam "Lebanon"]
[WhiteFideId "4300904"]
[BlackFideId "5300150"]
[EventDate "2014.08.02"]

1. d4 d5 2. c4 c6 3. Nf3 Nf6 4. e3 g6 5. Nc3 Bg7 6. Bd3 Bg4 7. h3 Bxf3 8. Qxf3
O-O 9. O-O dxc4 10. Bxc4 Nbd7 11. Rd1 e5 12. d5 e4 13. Nxe4 Nxe4 14. Qxe4 Nb6
15. Bb3 cxd5 16. Bxd5 Nxd5 17. Rxd5 Qc7 18. Bd2 Bxb2 19. Rb1 Bg7 20. Rc1 Qb6 21.
Rd7 Qa6 22. Qd5 Qf6 23. Bc3 Qxc3 24. Rxc3 Bxc3 25. Rxb7 Rad8 26. Qb3 1-0

[Event "Olimpiade 2014 - Open"]
[Site "Tromsø"]
[Date "11.08.2014"]
[Round "9.55"]
[Board "2"]
[White "El Jawich, Amro"]
[Black "Dive, Russell John"]
[Result "1-0"]
[WhiteTitle "FM"]
[BlackTitle "IM"]
[WhiteElo "2186"]
[BlackElo "2318"]
[WhiteTeam "Lebanon"]
[BlackTeam "New Zealand"]
[WhiteFideId "5300380"]
[BlackFideId "4300106"]
[EventDate "2014.08.02"]

1. e4 e5 2. Nf3 d6 3. d4 Nd7 4. Bc4 Be7 5. dxe5 Nxe5 6. Nxe5 dxe5 7. Qh5 g6 8.
Qxe5 Nf6 9. Bh6 Rg8 10. h3 Qd6 11. Qxd6 Bxd6 12. O-O Be6 13. Bxe6 fxe6 14. Re1
Be5 15. c3 g5 16. Nd2 Nh5 17. Bxg5 Rxg5 18. Nf3 Bf6 19. e5 Be7 20. Nxg5 Bxg5 21.
g3 Be7 22. Rad1 Ng7 23. g4 a5 24. f4 Ra6 25. Kg2 b5 26. Kf3 Rc6 27. Ke4 b4 28.
f5 Bh4 29. Re3 exf5+ 30. gxf5 Rc4+ 31. Rd4 Rc5 32. Red3 Nh5 33. cxb4 axb4 34.
Rxb4 Ng3+ 35. Kf4 Ne2+ 36. Kg4 Bf2 37. e6 Rc1 38. Rb8+ Ke7 39. Rd7+ Kf6 40. Rf8+
Ke5 41. e7 Rc4+ 42. Kf3 1-0

[Event "Olimpiade 2014 - Open"]
[Site "Tromsø"]
[Date "11.08.2014"]
[Round "9.55"]
[Board "3"]
[White "Ker, Anthony F"]
[Black "Chahrour, Ibrahim"]
[Result "1/2-1/2"]
[WhiteTitle "IM"]
[BlackTitle "FM"]
[WhiteElo "2316"]
[BlackElo "2170"]
[WhiteTeam "New Zealand"]
[BlackTeam "Lebanon"]
[WhiteFideId "4300084"]
[BlackFideId "5301653"]
[EventDate "2014.08.02"]

1. e4 g6 2. d4 Bg7 3. Nc3 d6 4. Bg5 c6 5. Qd2 b5 6. Nf3 Nf6 7. Bd3 O-O 8. Bh6 a6
9. h4 Bxh6 10. Qxh6 Ng4 11. Qf4 e5 12. dxe5 dxe5 13. Qg3 Qf6 14. h5 g5 15. Nd2
Be6 16. Nf1 Nd7 17. f3 Nh6 18. Qf2 Qe7 19. g4 f6 20. Ne3 Rfd8 21. O-O Nc5 22.
Be2 Bf7 23. a3 Rd4 24. Rfd1 Rad8 25. Bf1 Ne6 26. Ne2 Rxd1 27. Rxd1 Rxd1 28. Nxd1
Qd6 29. Ne3 Nf4 30. Ng3 Be6 31. c3 c5 32. Qc2 c4 33. Qd1 Qb6 34. Qd2 Kf8 35. Kh1
Ke7 36. Ng2 Nxg2 37. Kxg2 Nf7 38. Qf2 Qxf2+ 39. Kxf2 Kd6 40. Ke3 Kc5 41. Be2 h6
42. Bd1 a5 43. Kd2 Nd8 44. Nf1 Nb7 45. Ne3 Nd6 46. Bc2 Nc8 47. Bd1 Ne7 48. Nc2
Nc6 49. Ke3 Ne7 1/2-1/2

[Event "Olimpiade 2014 - Open"]
[Site "Tromsø"]
[Date "11.08.2014"]
[Round "9.55"]
[Board "4"]
[White "Bassel, Charaf"]
[Black "Hague, Ben"]
[Result "1/2-1/2"]
[BlackTitle "FM"]
[WhiteElo "2160"]
[BlackElo "2320"]
[WhiteTeam "Lebanon"]
[BlackTeam "New Zealand"]
[WhiteFideId "5300657"]
[BlackFideId "405647"]
[EventDate "2014.08.02"]

1. e3 e5 2. d4 exd4 3. exd4 d5 4. Bd3 Bd6 5. Ne2 Nf6 6. O-O O-O 7. Bf4 Nc6 8. c3
Ne7 9. Qc2 Ng6 10. Bxd6 Qxd6 11. Nd2 Re8 12. Rfe1 Bd7 13. Nf1 Re7 14. Bxg6 hxg6
15. Neg3 Rae8 16. Rxe7 Rxe7 17. f3 Bb5 18. Qd2 Bxf1 19. Rxf1 Nh5 20. Re1 Nxg3
21. hxg3 Kf8 22. Kf2 f6 23. Rxe7 Qxe7 24. Qe2 Kf7 25. Qxe7+ Kxe7 26. Ke3 Ke6 27.
g4 g5 28. g3 g6 29. f4 gxf4+ 30. gxf4 Kd6 1/2-1/2